| LEADER 00000nam 2200000uu 4500 |
| 001 2678 |
| 003 ULIBM |
| 008 240704s2558||||th 000 0 tha d |
| 020 ^a9786165519489
|
| 060 04 ^aWS200^bศ486p
|
| 245 00 ^aPediatric practice :^ba challenge in management /^cบรรณาธิการ, ศิริวรรณ วนานุกูล ... [และคนอื่น ๆ]
|
| 250 ^aพิมพ์ครั้งที่ 1
|
| 260 ^aกรุงเทพฯ :^bภาควิชากุมารเวชศาสตร์ คณะแพทยศาสตร์จุฬาลงกรณ์มหาวิทยาลัย,^c2558.
|
| 300 ^ax, 342 หน้า :^bภาพประกอบ ;^c27 ซม.
|
| 504 ^aมีบรรณานุกรมและดัชนี
|
| 650 4 ^aกุมารเวชศาสตร์
|
| 650 4 ^aเด็ก, โรค^xการรักษา
|
| 700 0 ^aศิริวรรณ วนานุกูล,^eบรรณาธิการ
|
| 710 2 ^aจุฬาลงกรณ์มหาวิทยาลัย.^bคณะแพทยศาสตร์.^bภาควิชากุมารเวชศาสตร์
|
| 999 ^aรอมือละห์
|